| 000 | 00408nam a2200157Ia 4500 | ||
|---|---|---|---|
| 999 |
_c5709 _d5709 |
||
| 020 | _a978-0-19-566984-8 | ||
| 082 | _a330.954 OXF- | ||
| 245 | 0 | _aOxford companion to economics in India | |
| 260 |
_aNew Delhi _bOxford University Press _c2007 |
||
| 300 | _aix, 602 | ||
| 504 | _aincludes index | ||
| 650 |
_aEconomics _zIndia |
||
| 650 |
_aIndia _vEconomic conditions |
||
| 700 | _aBasu, Kaushik | ||
| 942 | _cBK | ||